000
00326nam a22001457a 4500
003
SGT
020
_a
9789332513754
082
_a
625.84,NAG
100
_a
NAGARAJAN ,PRAVEEN
245
_a
PRESTRESSED CONCRETE DESIGN
260
_a
CHENNAI
_b
PEARSON
_c
2013
300
_a
309
650
_a
CIVIL ENGINEERING
942
_2
ddc
_c
BK
999
_c
18317
_d
18317